| 000 | 00912nam0a22002531 4500 | ||
|---|---|---|---|
| 001 | RU\INFOCOMM_322\NLR\5000102694 | ||
| 005 | 20250614080021.0 | ||
| 035 | _a(NLR Aleph) 010590570 | ||
| 090 |
_a10501153 _c10501153 |
||
| 100 | _a20121212d1965 |||y0rusy50 ca | ||
| 101 | 0 | _afre | |
| 102 | _aRU | ||
| 105 | _ay z|||| | ||
| 200 | 1 |
_aAmélioration de la gestion de l'industrie, perfectionnement de la planification et renforcement des stimulants économiques de la production industrielle _eRapport ... à la Session plénière de CC du PCUS, le 27 sept. 1965 |
|
| 210 |
_a[M.] _d[1965] |
||
| 215 | _aС. 5-75 | ||
| 300 | _aВ кн.: URSS: nouvelles méthodes de gestion. [M., 1965], с. 5-75 | ||
| 620 | _aМосква | ||
| 700 | 1 |
_aKosygin _bA. N. _f1904-1980 _gAleksej Nikolaevič |
|
| 801 | 1 |
_aRU _bNLR _c20121212 |
|
| 801 | 0 |
_aRU _bINFOCOMM _gPSBO |
|
| 852 |
_aNLR _jИп31 Г-1/6 |
||
| 942 | _cBOOK | ||
| 980 | _aNB | ||